000 00315nam a2200133Ia 4500
005 20260326235441.0
008 260326s9999||||xx |||||||||||||| ||und||
100 _aSpade, Rupert
245 0 _aOscar Niemeyer /
_cRupert Spade
260 _bSimon & Schuster
300 _a135 p.
650 _aARQUITECTOS
942 _cBK
999 _c7419
_d7419